00628nam a22001937a 4500003000900000005001700009007000300026008004100029020001700070040002500087041000800112082000900120100003000129245008900159260004400248300003300292500005800325500005100383DO-SdBNP20240404094740.0ta210830e2019 dr b||gr|||| 001 0dspa d a978994505697 aDO-SdBNPbspacBNPHU hspa bC9571 aCruz Sánchez, Filiberto13aAuge y decadencia del imperio hispanoamericano, 1519-1701cFilfiberto Cruz Sánchez aSanto Domingo :bEl Nuevo Diario,c2019 a[45 p.]:bil., mapas;c20 cm aIncluye biografia del autor en la cubierta posterior. aIncluye biografia y notas al pie de páginas.